Quiz ami de lilou - Statistiques

Statistiques générales
  • Ce quiz a été pris 3 fois
  • Le résultat moyen est 62 sur 71
Statistiques - réponses
Hint Réponse % Correct
scout alice
100%
danse alice
100%
lycée angelie
100%
joffre camille
100%
etude sup camille
100%
joffre clemence
100%
autres dorian
100%
etude sup elea
100%
lycée emilie
100%
lycée emma
100%
etude sup evy
100%
joffre florian
100%
etude sup gabriel
100%
autres gabriel
100%
etude sup gaelle
100%
collège jeanne
100%
lycée jibril
100%
etude sup juliette
100%
lycée kevan
100%
etude sup lana
100%
etude sup lana
100%
danse laura
100%
lycée LE
100%
joffre leon
100%
collège lina
100%
etude sup lise
100%
lycée lola
100%
etude sup lola
100%
scout lola
100%
lycée lou
100%
etude sup lou
100%
etude sup lou
100%
lycée lucas
100%
joffre lucile
100%
lycée mael
100%
lycée malo
100%
collège margaux
100%
collège margot
100%
etude sup marie
100%
joffre mathias
100%
etude sup mathis
100%
lycée mona
100%
autres nicolas
100%
danse pauline
100%
joffre pierre
100%
joffre raphael
100%
autre raphael
100%
lycée ryan
100%
etude sup sarina
100%
joffre simon
100%
autres tess
100%
scout valentine
100%
collège zelie
100%
lycée zelie
100%
lycée anaelle
67%
lycée arina
67%
autres lena
67%
autres PE
67%
collège pénélope
67%
lycée sasha
67%
collège tessa
67%
autres alix
33%
collège elina
33%
lycée ely
33%
lycée hugo
33%
danse maelle
33%
danse nour
33%
lycée wiliam
33%
lycée yann
33%
autres yann
33%
autres lucy
0%
Aucun quiz correspondant
Distribution des résultats
% des personnes avec chaque résultat
Percentile par nombre de réponses
Votre historique - résultats
Vous n’avez pas pris ce quiz